FOOD SHOTS A GUIDE TO PROFESSIONAL LIGHTING TECHNIQUES (Record no. 17057)

MARC details
000 -LEADER
fixed length control field 00300nam a22001217a 4500
003 - CONTROL NUMBER IDENTIFIER
control field SGT
082 ## - DEWEY DECIMAL CLASSIFICATION NUMBER
Classification number 302.23
Item number F94H
100 ## - MAIN ENTRY--PERSONAL NAME
Personal name HICKS, ROGER
245 ## - TITLE STATEMENT
Title FOOD SHOTS A GUIDE TO PROFESSIONAL LIGHTING TECHNIQUES
260 ## - PUBLICATION, DISTRIBUTION, ETC. (IMPRINT)
Place of publication, distribution, etc SWITZERLAND
Name of publisher, distributor, etc ROTO VISION PUB
Year of Publication 1994
300 ## - PAGE DESCRIPTION
No. of Pages 159
942 ## - ADDED ENTRY ELEMENTS (KOHA)
Source of classification or shelving scheme Dewey Decimal Classification
Koha item type Books
Holdings
Withdrawn status Lost status Source of classification or shelving scheme Damaged status Not for loan Collection code Home library Current library Shelving location Date acquired Vendor Name SGTU Total Checkouts Full call number Accession No. (Barcode) Date last seen Bill Date Koha item type
    Dewey Decimal Classification   Not For Loan MASS COMMUNICATION SGT Science & Social Sciences Library SGT Science & Social Sciences Library Reference Book 05/03/2019 AMAZON SGTU   302.23 F94H MC579 05/03/2019 05/03/2019 Books